Childhood and adolescence
Αποθηκεύτηκε σε:
| Κύριος συγγραφέας: | |
|---|---|
| Άλλοι συγγραφείς: | |
| Μορφή: | Βιβλίο |
| Γλώσσα: | English |
| Δημοσίευση: |
Pacific Grove :
Brooks/Cole Publishing,
1997
|
| Θέματα: | |
| Ετικέτες: |
Προσθήκη ετικέτας
Δεν υπάρχουν, Καταχωρήστε ετικέτα πρώτοι!
|
MARC
| LEADER | 00000nam a2200000 i 4500 | ||
|---|---|---|---|
| 001 | 1/98962 | ||
| 008 | 000125s1997 eng d | ||
| 020 | |a 0-534-13686-9 | ||
| 035 | |l 10056703 | ||
| 040 | |a GR-MY-UA |b gre |e aacr | ||
| 041 | 0 | |a eng | |
| 082 | 0 | |a 305.231 | |
| 100 | 1 | |a Newman, Philip R. | |
| 245 | 1 | 0 | |a Childhood and adolescence / |c Philip R. Newman, Barbara M. Newman |
| 260 | |a Pacific Grove : |b Brooks/Cole Publishing, |c 1997 | ||
| 300 | |a 769 p. | ||
| 650 | 0 | 0 | |a Child development. |
| 650 | 0 | 0 | |a Adolescence. |
| 700 | 1 | |a Newman, Barbara M. | |
| 852 | |a INST |b RHODES |e 20000125 |h 305.231 NEW |p 005400013313 |q 005400013313 |t BK |y 0 | ||
| 901 | |a BIBL4-2000-1 | ||
| 909 | |a Ρ |b 073117 | ||
| 922 | |a 4ΕΛΗ |b 199912 |c ΚΠΣ/154 |d GLORY BOOKS | ||
| 970 | |a ΚΟΥΛΑΚΙΟΤΗ |b ΛΙΤΣΑ |z 2000/01/25 | ||